Εισαγωγή στην ασφάλιση

Αποθηκεύτηκε σε:
Λεπτομέρειες βιβλιογραφικής εγγραφής
Κύριοι συγγραφείς: Κιόχος, Πέτρος Α., Σωτηρόπουλος, Ιωάννης (Συγγραφέας), Σαριαννίδης, Νίκος (Συγγραφέας)
Άλλοι συγγραφείς: Κιόχος, Απόστολος (Επιμελητής έκδοσης)
Μορφή: Βιβλίο
Γλώσσα:Greek
Δημοσίευση: Αθήνα : Εκδόσεις Ελένη Κιόχου, 2020.
Θέματα:
Ετικέτες: Προσθήκη ετικέτας
Δεν υπάρχουν, Καταχωρήστε ετικέτα πρώτοι!

MARC

LEADER 00000cam a2200000 a 4500
001 1/122667
008 210211t2020####gr | ||| |||| ||gre||
020 |a 9786188141278 
040 |a GR-MyUa  |b gre  |c GR-MyUa  |e AACR2 
041 0 |a gre 
082 7 |a 368.949   |2 (23) 
100 1 |a Κιόχος, Πέτρος Α. 
245 1 0 |a Εισαγωγή στην ασφάλιση /   |c Πέτρος Κιόχος, Νίκος Σαριαννίδης, Ιωάννης Σωτηρόπουλος ; επιστημονική επιμέλεια Απόστολος Κιόχος.  
260 |a Αθήνα :   |b Εκδόσεις Ελένη Κιόχου,   |c 2020.  
300 |a 574 σ. :   |b πίν. ;   |c 24 εκ.  
504 |a Βιβλιογραφία: σ. 417-418.  
650 0 |a Insurance, Life  |x Law and legislation. 
650 0 |a Insurance, Life. 
650 0 |a Insurance, Business. 
650 0 |a Self-insurance. 
650 0 |a Insurance, Disaster. 
700 1 |a Σωτηρόπουλος, Ιωάννης,  |e aut 
700 1 |a Κιόχος, Απόστολος,  |e edt 
700 1 |a Σαριαννίδης, Νίκος,  |e aut 
852 |a INST  |b SAMOS  |c EUDOXUS  |e 20210211  |h 368.949 ΚΙΟ  |p 005300047270  |q 005300047270  |t EDX  |y 0 
920 |a Εύδοξος  |b Παραγγελία  |y Σάμος-ΤΣΑΧΜ  |z 2021-01 
970 |a Φιλιππή  |b Φάλη  |z 10-02-2021